| 000 | 00813nam a2200229Ia 4500 | ||
|---|---|---|---|
| 005 | 20241129110935.0 | ||
| 008 | 241129s9999||||xx |||||||||||||| ||und|| | ||
| 020 | _a978-93-87200-15-9 | ||
| 037 | _aTB | ||
| 040 |
_aCRL _bhin _cCRL |
||
| 041 |
_ahin _2hin |
||
| 084 |
_aQv2'C 152R2 _qCRL |
||
| 100 | _aपाण्डेय, गरिमा, ले. | ||
| 245 | 0 |
_aप्राचीन भारत का धार्मिक एवं आर्थिक - जीवन _cपाण्डेय, गरिमा, ले. |
|
| 260 |
_aवाराणसी, भारत _bकला प्रकाशन _c2022 |
||
| 300 | _a248पृ0 | ||
| 365 |
_aINR _b750 |
||
| 546 | _aTranslated from Sanskrit to Hindi | ||
| 650 | _aReligion | ||
| 942 |
_cTB _hQv2'C 152R2 |
||
| 999 |
_c1228194 _d1228194 |
||